LEADER 01588nam0 22003733i 450 001 VAN00287367 005 20250701085925.656 017 70$2N$a9789811587634 100 $a20250220d2021 |0itac50 ba 101 $aeng 102 $aSG 105 $a|||| ||||| 181 $ai$b e 182 $ab 183 $acr 200 1 $aOptogenetics$eLight-Sensing Proteins and Their Applications in Neuroscience and Beyond$fHiromu Yawo ... [et al.] editors 205 $a2. ed 210 $aSingapore$cSpringer$d2021 215 $aXII, 663 p.$cill.$d24 cm 410 1$1001VAN00064096$12001 $aAdvances in Experimental Medicine and Biology$1210 $aNew York$cPlenum$d2003-$v1293 620 $aSG$dSingapore$3VANL000061 676 $a571.6$cBiologia cellulare$v22 676 $a610.28$cIngegneria biomedica. Biomateriali$v22 676 $a616.8$cNeurologia$v22 702 1$aYawo$bHiromu$3VANV241862 712 $aSpringer $3VANV108073$4650 801 $aIT$bSOL$c20250912$gRICA 856 4 $uhttps://link.springer.com/book/10.1007/978-981-15-8763-4$zE-book - Accesso al full-text attraverso riconoscimento IP di Ateneo, proxy e/o Shibboleth 899 $aBIBLIOTECA DEL DIPARTIMENTO DI SCIENZE E TECNOLOGIE AMBIENTALI BIOLOGICHE E FARMACEUTICHE$1IT-CE0101$2VAN17 912 $fN 912 $aVAN00287367 950 $aBIBLIOTECA DEL DIPARTIMENTO DI SCIENZE E TECNOLOGIE AMBIENTALI BIOLOGICHE E FARMACEUTICHE$d17CONS e-book 189 $e17BIB189/71 71 20250220 996 $aOptogenetics$91951725 997 $aUNICAMPANIA